000 00386nam a2200145Ia 4500
008 240729s9999 xx 000 0 und d
022 _a1932-6203
245 0 _aPLoS ONE
260 _aUnited States
260 _bPublic Library of Science (PLoS)
650 _aMedicine | Science
856 _uhttps://doaj.org/toc/2fdf1470373343b7bd4f825179c685f5
942 _2ddc
942 _cDOAJEJ
999 _c67455
_d67455
945 _a1
_bMadushi Gamage
_c1
_dMadushi Gamage